<?xml version="1.0" encoding="UTF-8"?>
<collection xmlns="http://www.loc.gov/MARC21/slim">
 <record>
  <leader>02932cam a2200625   4500</leader>
  <controlfield tag="001">1164219030</controlfield>
  <controlfield tag="003">DE-627</controlfield>
  <controlfield tag="005">20221115100424.0</controlfield>
  <controlfield tag="007">tu</controlfield>
  <controlfield tag="008">890104s1954    au ||||| c    00| ||ger c</controlfield>
  <datafield tag="035" ind1=" " ind2=" ">
   <subfield code="a">(DE-627)1164219030</subfield>
  </datafield>
  <datafield tag="035" ind1=" " ind2=" ">
   <subfield code="a">(DE-576)094219036</subfield>
  </datafield>
  <datafield tag="035" ind1=" " ind2=" ">
   <subfield code="a">(DE-599)BSZ094219036</subfield>
  </datafield>
  <datafield tag="035" ind1=" " ind2=" ">
   <subfield code="a">(OCoLC)17411714</subfield>
  </datafield>
  <datafield tag="035" ind1=" " ind2=" ">
   <subfield code="a">(OCoLC)192875885</subfield>
  </datafield>
  <datafield tag="035" ind1=" " ind2=" ">
   <subfield code="a">(AT-OBV)AC04633254</subfield>
  </datafield>
  <datafield tag="040" ind1=" " ind2=" ">
   <subfield code="a">DE-627</subfield>
   <subfield code="b">ger</subfield>
   <subfield code="c">DE-627</subfield>
   <subfield code="e">rakwb</subfield>
  </datafield>
  <datafield tag="041" ind1=" " ind2=" ">
   <subfield code="a">ger</subfield>
  </datafield>
  <datafield tag="044" ind1=" " ind2=" ">
   <subfield code="c">XA-AT</subfield>
  </datafield>
  <datafield tag="084" ind1=" " ind2=" ">
   <subfield code="a">LH 39600</subfield>
   <subfield code="2">rvk</subfield>
   <subfield code="0">(DE-625)rvk/93343:</subfield>
  </datafield>
  <datafield tag="084" ind1=" " ind2=" ">
   <subfield code="a">21.92</subfield>
   <subfield code="2">bkl</subfield>
  </datafield>
  <datafield tag="084" ind1=" " ind2=" ">
   <subfield code="a">20.11</subfield>
   <subfield code="2">bkl</subfield>
  </datafield>
  <datafield tag="100" ind1="1" ind2=" ">
   <subfield code="a">Fillitz, Hermann</subfield>
   <subfield code="d">1924-2022</subfield>
   <subfield code="0">(DE-588)11921377X</subfield>
   <subfield code="0">(DE-627)080012140</subfield>
   <subfield code="0">(DE-576)160943345</subfield>
   <subfield code="4">aut</subfield>
  </datafield>
  <datafield tag="245" ind1="1" ind2="0">
   <subfield code="a">Katalog der Weltlichen und Geistlichen Schatzkammer</subfield>
   <subfield code="c">von Hermann Fillitz. Kunsthistorisches Museum</subfield>
  </datafield>
  <datafield tag="246" ind1="1" ind2=" ">
   <subfield code="i">Nebent.</subfield>
   <subfield code="a">Die Schatzkammern</subfield>
  </datafield>
  <datafield tag="246" ind1="3" ind2="3">
   <subfield code="a">Die Schatzkammern</subfield>
  </datafield>
  <datafield tag="246" ind1="3" ind2="3">
   <subfield code="a">Die Schatzkammern</subfield>
  </datafield>
  <datafield tag="264" ind1=" " ind2="1">
   <subfield code="a">Wien</subfield>
   <subfield code="b">Kunsthistor. Museum</subfield>
   <subfield code="c">1954</subfield>
  </datafield>
  <datafield tag="300" ind1=" " ind2=" ">
   <subfield code="a">80 S.</subfield>
   <subfield code="b">Ill.</subfield>
   <subfield code="c">25 cm</subfield>
  </datafield>
  <datafield tag="336" ind1=" " ind2=" ">
   <subfield code="a">Text</subfield>
   <subfield code="b">txt</subfield>
   <subfield code="2">rdacontent</subfield>
  </datafield>
  <datafield tag="337" ind1=" " ind2=" ">
   <subfield code="a">ohne Hilfsmittel zu benutzen</subfield>
   <subfield code="b">n</subfield>
   <subfield code="2">rdamedia</subfield>
  </datafield>
  <datafield tag="338" ind1=" " ind2=" ">
   <subfield code="a">Band</subfield>
   <subfield code="b">nc</subfield>
   <subfield code="2">rdacarrier</subfield>
  </datafield>
  <datafield tag="490" ind1="1" ind2=" ">
   <subfield code="a">Führer durch das Kunsthistorische Museum</subfield>
   <subfield code="v">2</subfield>
  </datafield>
  <datafield tag="500" ind1=" " ind2=" ">
   <subfield code="a">Nebent.: Die Schatzkammern$dKunsthistorisches Museum Wien</subfield>
  </datafield>
  <datafield tag="655" ind1=" " ind2="7">
   <subfield code="a">Katalog</subfield>
   <subfield code="0">(DE-588)4163417-2</subfield>
   <subfield code="0">(DE-627)105454966</subfield>
   <subfield code="0">(DE-576)209880899</subfield>
   <subfield code="2">gnd-content</subfield>
  </datafield>
  <datafield tag="689" ind1="0" ind2="0">
   <subfield code="d">b</subfield>
   <subfield code="0">(DE-588)2096127-3</subfield>
   <subfield code="0">(DE-627)100633153</subfield>
   <subfield code="0">(DE-576)192872931</subfield>
   <subfield code="a">Weltliche und Geistliche Schatzkammer</subfield>
   <subfield code="2">gnd</subfield>
  </datafield>
  <datafield tag="689" ind1="0" ind2="1">
   <subfield code="d">s</subfield>
   <subfield code="0">(DE-588)4163417-2</subfield>
   <subfield code="0">(DE-627)105454966</subfield>
   <subfield code="0">(DE-576)209880899</subfield>
   <subfield code="a">Katalog</subfield>
   <subfield code="2">gnd</subfield>
  </datafield>
  <datafield tag="689" ind1="0" ind2=" ">
   <subfield code="5">DE-101</subfield>
  </datafield>
  <datafield tag="689" ind1="1" ind2="0">
   <subfield code="d">b</subfield>
   <subfield code="0">(DE-588)2096127-3</subfield>
   <subfield code="0">(DE-627)100633153</subfield>
   <subfield code="0">(DE-576)192872931</subfield>
   <subfield code="a">Weltliche und Geistliche Schatzkammer</subfield>
   <subfield code="2">gnd</subfield>
  </datafield>
  <datafield tag="689" ind1="1" ind2=" ">
   <subfield code="5">(DE-627)</subfield>
  </datafield>
  <datafield tag="710" ind1="2" ind2=" ">
   <subfield code="a">Kunsthistorisches Museum Wien</subfield>
   <subfield code="0">(DE-588)2016751-9</subfield>
   <subfield code="0">(DE-627)101912218</subfield>
   <subfield code="0">(DE-576)191705764</subfield>
   <subfield code="4">oth</subfield>
  </datafield>
  <datafield tag="710" ind1="2" ind2=" ">
   <subfield code="a">Weltliche und Geistliche Schatzkammer</subfield>
   <subfield code="0">(DE-588)2096127-3</subfield>
   <subfield code="0">(DE-627)100633153</subfield>
   <subfield code="0">(DE-576)192872931</subfield>
   <subfield code="4">oth</subfield>
  </datafield>
  <datafield tag="787" ind1="0" ind2="8">
   <subfield code="i">Rezensiert in</subfield>
   <subfield code="a">Schramm, Percy Ernst, 1894 - 1970</subfield>
   <subfield code="t">[Rezension von: Hermann Fillitz, Katalog der weltlichen und der geistlichen Schatzkammern]</subfield>
   <subfield code="d">Nürnberg : Carl, 1954</subfield>
   <subfield code="w">(DE-627)1822492440</subfield>
  </datafield>
  <datafield tag="810" ind1="2" ind2=" ">
   <subfield code="a">Kunsthistorisches Museum Wien</subfield>
   <subfield code="t">Führer durch das Kunsthistorische Museum</subfield>
   <subfield code="v">2</subfield>
   <subfield code="9">200</subfield>
   <subfield code="w">(DE-627)319302474</subfield>
   <subfield code="w">(DE-576)006751156</subfield>
   <subfield code="w">(DE-600)28887-1</subfield>
  </datafield>
  <datafield tag="889" ind1=" " ind2=" ">
   <subfield code="w">(DE-627)022409459</subfield>
  </datafield>
  <datafield tag="935" ind1=" " ind2=" ">
   <subfield code="i">mdedup</subfield>
  </datafield>
  <datafield tag="936" ind1="r" ind2="v">
   <subfield code="a">LH 39600</subfield>
   <subfield code="b">Wien</subfield>
   <subfield code="k">Allgemeines. Allgemeine Kunstgeschichte</subfield>
   <subfield code="k">Museumskunde. Museumskataloge</subfield>
   <subfield code="k">Kataloge einzelner Museen; Schrifttum über einzelne Museen</subfield>
   <subfield code="k">Orte W</subfield>
   <subfield code="k">Wien</subfield>
   <subfield code="0">(DE-627)1270683462</subfield>
   <subfield code="0">(DE-625)rvk/93343:</subfield>
   <subfield code="0">(DE-576)200683462</subfield>
  </datafield>
  <datafield tag="936" ind1="b" ind2="k">
   <subfield code="a">21.92</subfield>
   <subfield code="j">Edelmetallkunst</subfield>
   <subfield code="0">(DE-627)10641576X</subfield>
  </datafield>
  <datafield tag="936" ind1="b" ind2="k">
   <subfield code="a">20.11</subfield>
   <subfield code="j">Kunstsammlung</subfield>
   <subfield code="0">(DE-627)106406248</subfield>
  </datafield>
  <datafield tag="951" ind1=" " ind2=" ">
   <subfield code="a">BO</subfield>
  </datafield>
  <datafield tag="990" ind1=" " ind2=" ">
   <subfield code="a">Weltliche und Geistliche Schatzkammer</subfield>
  </datafield>
  <datafield tag="990" ind1=" " ind2=" ">
   <subfield code="a">Katalog</subfield>
  </datafield>
  <datafield tag="990" ind1=" " ind2=" ">
   <subfield code="a">Weltliche und Geistliche Schatzkammer</subfield>
  </datafield>
  <datafield tag="991" ind1=" " ind2=" ">
   <subfield code="a">Rezensiertes Werk</subfield>
  </datafield>
  <datafield tag="999" ind1=" " ind2=" ">
   <subfield code="a">KXP-PPN1164219030</subfield>
   <subfield code="e">4277342914</subfield>
  </datafield>
 </record>
</collection>
